Building on our heritage (Record no. 85158)
[ view plain ]
| 000 -LEADER | |
|---|---|
| fixed length control field | 01001cab a22002775a 4500 |
| 001 - CONTROL NUMBER | |
| control field | L160043 |
| 008 - FIXED-LENGTH DATA ELEMENTS--GENERAL INFORMATION | |
| fixed length control field | 150113e2016 xxk 000 0 eng d |
| 035 ## - SYSTEM CONTROL NUMBER | |
| System control number | (Sirsi) u160043 |
| 041 0# - LANGUAGE CODE | |
| Language code of text/sound track or separate title | eng |
| 050 ## - LIBRARY OF CONGRESS CALL NUMBER | |
| Classification number | 690.241 |
| 100 1# - MAIN ENTRY--PERSONAL NAME | |
| Personal name | Klahn, John |
| 245 00 - TITLE STATEMENT | |
| Title | Building on our heritage |
| Medium | [electronic resource] |
| 260 ## - PUBLICATION, DISTRIBUTION, ETC. | |
| Place of publication, distribution, etc. | London |
| Name of publisher, distributor, etc. | RICS |
| Date of publication, distribution, etc. | 2016 |
| 490 ## - SERIES STATEMENT | |
| Series statement | RICS Building Surveying Journal |
| Volume/sequential designation | March 2016 - April 2016, 28-29(2) |
| 520 ## - SUMMARY, ETC. | |
| Summary, etc. | Looks at how RICS is highlighting the role of its members in conservation. |
| 650 24 - SUBJECT ADDED ENTRY--TOPICAL TERM | |
| Topical term or geographic name entry element | HISTORIC BUILDINGS |
| 650 24 - SUBJECT ADDED ENTRY--TOPICAL TERM | |
| Topical term or geographic name entry element | CONSERVATION |
| 650 24 - SUBJECT ADDED ENTRY--TOPICAL TERM | |
| Topical term or geographic name entry element | ABOUT RICS |
| 651 #4 - SUBJECT ADDED ENTRY--GEOGRAPHIC NAME | |
| Geographic name | United Kingdom |
| Chronological subdivision | |
| 690 ## - LOCAL SUBJECT ADDED ENTRY--TOPICAL TERM (OCLC, RLIN) | |
| Topical term or geographic name as entry element | Conservation and restoration |
| 700 1# - ADDED ENTRY--PERSONAL NAME | |
| Personal name | Mallett, Robert |
| 700 1# - ADDED ENTRY--PERSONAL NAME | |
| Personal name | Cripps, A. |
| 856 40 - ELECTRONIC LOCATION AND ACCESS | |
| Uniform Resource Identifier | <a href="https://www.rics.org/Global/BSJ-BCJ%20March-April%202016_v2.pdf">https://www.rics.org/Global/BSJ-BCJ%20March-April%202016_v2.pdf</a> |
| Public note | View the article free of charge at www.rics.org... |
| 856 40 - ELECTRONIC LOCATION AND ACCESS | |
| Uniform Resource Identifier | <a href="https://www.rics.org/Global/BSJ-BCJ%20March-April%202016_v2.pdf">https://www.rics.org/Global/BSJ-BCJ%20March-April%202016_v2.pdf</a> |
| Link text | Available free online via Issuu |
| 942 ## - ADDED ENTRY ELEMENTS (KOHA) | |
| Suppress in OPAC | 0 |
| Source of classification or shelving scheme | Dewey Decimal Classification |
| Withdrawn status | Lost status | Source of classification or shelving scheme | Damaged status | Not for loan | Home library | Current library | Shelving location | Date acquired | Total Checkouts | Full call number | Barcode | Date last seen | Copy number | Price effective from | Koha item type |
|---|---|---|---|---|---|---|---|---|---|---|---|---|---|---|---|
| Dewey Decimal Classification | London | London | Journal article | 23/04/2018 | L160043 | 160043-1001 | 06/08/2019 | 1 | 06/08/2019 | Journal article |